000 00306pab a2200145 454500
008 180718b1985 xxu||||| |||| 00| 0 eng d
100 _aMuthamma, C.R.
245 _aThe national ethos
260 _c1985
300 _a38-40
362 _aSept.
650 _aHinduism
773 _aSeminar
909 _a9728
999 _c9728
_d9728